Networking with Windows 2000 / (Record no. 47067)

MARC details
000 -LEADER
fixed length control field 00986cam a22002654a 4500
001 - CONTROL NUMBER
control field 12150092
005 - DATE AND TIME OF LATEST TRANSACTION
control field 20161102144157.0
008 - FIXED-LENGTH DATA ELEMENTS--GENERAL INFORMATION
fixed length control field 000821s2001 njua 001 0 eng
010 ## - LIBRARY OF CONGRESS CONTROL NUMBER
LC control number 00045216
020 ## - INTERNATIONAL STANDARD BOOK NUMBER
International Standard Book Number 0130145580
040 ## - CATALOGING SOURCE
Original cataloging agency DLC
Transcribing agency DLC
Modifying agency DLC
042 ## - AUTHENTICATION CODE
Authentication code pcc
050 00 - LIBRARY OF CONGRESS CALL NUMBER
Classification number TK5105.5
Item number .R44 2001
082 00 - DEWEY DECIMAL CLASSIFICATION NUMBER
Classification number 005.7/13769
Edition number 21
630 00 - SUBJECT ADDED ENTRY--UNIFORM TITLE
Uniform title Microsoft Windows (Computer file)
100 1# - MAIN ENTRY--PERSONAL NAME
Personal name Regan, Patrick E.
245 10 - TITLE STATEMENT
Title Networking with Windows 2000 /
Statement of responsibility, etc Patrick Regan.
260 ## - PUBLICATION, DISTRIBUTION, ETC. (IMPRINT)
Place of publication, distribution, etc Upper Saddle River, N.J. :
Name of publisher, distributor, etc Merrill,
Date of publication, distribution, etc c2001.
300 ## - PHYSICAL DESCRIPTION
Extent xv, 719 p. :
Other physical details ill. ;
Dimensions 28 cm.
500 ## - GENERAL NOTE
General note Includes index.
650 #0 - SUBJECT ADDED ENTRY--TOPICAL TERM
Topical term or geographic name as entry element Computer networks.
906 ## - LOCAL DATA ELEMENT F, LDF (RLIN)
a 7
b cbc
c orignew
d 1
e ocip
f 20
g y-gencatlg
942 ## - ADDED ENTRY ELEMENTS (KOHA)
Source of classification or shelving scheme Library of Congress Classification
Item type Book
Holdings
Withdrawn status Lost status Source of classification or shelving scheme Damaged status Not for loan Collection code Home library Current library Shelving location Date acquired Source of acquisition Full call number Barcode Copy number Price effective from Koha item type
    Library of Congress Classification     Non-fiction Bishop Okullu Memorial Library (Limuru Campus) Bishop Okullu Memorial Library (Limuru Campus) General Circulation 02/11/2016 donations TK5105.5 .R44 2001 048206 1 02/11/2016 Book